MAINGOT'S ABDOMINAL OPERATION (Record no. 6692)

MARC details
000 -LEADER
fixed length control field 00361nam a2200145Ia 4500
008 - FIXED-LENGTH DATA ELEMENTS--GENERAL INFORMATION
fixed length control field 150301s2013 xx 000 0 und d
082 ## - DEWEY DECIMAL CLASSIFICATION NUMBER
Classification number 617.55059
Item number M13Z
100 ## - MAIN ENTRY--PERSONAL NAME
Personal name ZINNER, MICHEL J.
245 ## - TITLE STATEMENT
Title MAINGOT'S ABDOMINAL OPERATION
250 ## - EDITION STATEMENT
Edition statement 12TH
260 ## - PUBLICATION, DISTRIBUTION, ETC. (IMPRINT)
Name of publisher, distributor, etc. MC GRAW HILL
Place of publication, distribution, etc. NEW YORK
Date of publication, distribution, etc. 2013
300 ## - PHYSICAL DESCRIPTION
Extent 1309
650 ## - SUBJECT ADDED ENTRY--TOPICAL TERM
Topical term or geographic name as entry element GENERAL SURGERY
942 ## - ADDED ENTRY ELEMENTS (KOHA)
Source of classification or shelving scheme Dewey Decimal Classification
Koha item type Books
Holdings
Withdrawn status Lost status Source of classification or shelving scheme Damaged status Not for loan Collection code Home library Current library Shelving location Date acquired Source of acquisition Cost, normal purchase price SGTU Bill Number Total Checkouts Full call number Barcode Date last seen Date last checked out Bill Date Koha item type
    Dewey Decimal Classification     MEDICAL SGT Medical Library SGT Medical Library Reference Book 02/07/2015 ABC DELHI 0.00 SGTU 4960 2 617.55059 M13Z FM7031 25/12/2019 20/11/2019 25/10/2014 Books